| 000 | 01031cam a2200409 4500 | ||
|---|---|---|---|
| 001 | J95012 | ||
| 008 | 090401t1998 xxu||||| |||| 00| 0 eng d | ||
| 035 | _a(Sirsi) u89652 | ||
| 041 | _aeng | ||
| 050 | _a333.33 | ||
| 110 |
_aValuation Office _9264 |
||
| 245 | _aProperty market report. - Autumn 1998 | ||
| 260 |
_aLondon _bEstates Gazette _c1998 |
||
| 300 | _a155p. ; 30cm. | ||
| 350 | _a30 | ||
| 650 | _aB1 LAND | ||
| 650 | _aFARM LAND | ||
| 650 | _aHOUSE PRICES | ||
| 650 | _aINDUSTRIAL DEVELOPMENT LAND | ||
| 650 | _aINDUSTRIAL PROPERTY | ||
| 650 | _aLAND PRICES | ||
| 650 | _aLAND VALUES | ||
| 650 | _aMINERALS | ||
| 650 | _aOFFICES | ||
| 650 |
_aProperty management _96262 |
||
| 650 | _aRADIO MASTS | ||
| 650 | _aRENTAL VALUES | ||
| 650 | _aRESIDENTIAL BUILDING LAND | ||
| 650 |
_aRESIDENTIAL PROPERTY _96266 |
||
| 650 | _aRETAIL PROPERTY | ||
| 650 | _aSHOPS | ||
| 650 | _aWAREHOUSES | ||
| 650 | _aYIELDS | ||
| 690 | _aPROPERTY-COMMERCIAL PROPERTY | ||
| 942 | _n0 | ||
| 948 | _c13/11/1998 | ||
| 999 |
_c97479 _d97479 |
||